| 000 | 01294nam a2200337 c 4500 | ||
|---|---|---|---|
| 999 |
_c115297 _d115297 |
||
| 003 | BLK | ||
| 005 | 20200429155037.0 | ||
| 008 | 180409b bul|||||r ||||||| ||bul|| | ||
| 010 | _aKNG00120775000 | ||
| 020 | _a3-323-00282-2 | ||
| 040 | _aBLK | ||
| 041 |
_aDEU _cDEU |
||
| 080 |
_aПодреждане и аранжиране на цветя - Изработване на букети, гирлянди, венци, аранжиране в вази и др. съдове, икебана и др. на сушени растения, семена _b745.9 _z745.9 |
||
| 100 | 1 |
_aWalther, Hendrik _eпърви автор _9314043 |
|
| 139 |
_aWalther, Hendrik _bУ 68 _fW 21 _gУ 68 |
||
| 245 | 1 | 0 |
_aIkebana und Bonsai _cHendrik Walther. |
| 257 | _aDEU | ||
| 260 |
_bBibliogr. Inst. _c1989 |
||
| 300 |
_a290 с. _bс ил. _c21 см |
||
| 380 | _a7 | ||
| 490 | 1 | _aBi-Lexikon | |
| 650 | 4 |
_aЦветя - аранжиране и символика _9250675 |
|
| 650 | 4 |
_aИкебана _9156806 |
|
| 653 | _aикебана | ||
| 653 | _aбонзай | ||
| 700 |
_9408493 _aУолтър, Хендрик |
||
| 852 | _aЦб 161444 | ||
| 856 | 4 | _qpdf | |
| 856 | 4 | _qpdf | |
| 942 |
_cKNG _n0 _s1 |
||
| 944 |
_aCR _c13.01.2011 _lдобави в АБ / 12.01.2011 _kНаталия_Любомирова |
||
| 944 |
_aED _c13.01.2011 _lдобави в АБ / 12.01.2011 |
||
| 999 | _d115297 | ||